[ Cenové vojny ]

Z obsahu: Za cenovými vojnami nestojí iba neschopnosť manažérov. Odkaz brand manažérom: Je čas vrátiť sa k produktu. Privátne značky sú lacnejšie, no nielen preto ich majú spotrebitelia čoraz radšej. Kto zníži cenu o pár percent, zo zisku si ukrojí v desiatkach. Silný podiel na trhu ponúka dve takti...

ver descrição completa

Na minha lista:
Detalhes bibliográficos
Autor principal: Čikovský, Konštantín
Outros Autores: Lichnerová, Tatiana, Múčka, František
Formato: Capítulo de Livro
Idioma:eslovaco
Assuntos:
Tags: Adicionar Tag
Sem tags, seja o primeiro a adicionar uma tag!

MARC

LEADER 00000naa$a2200000$$$4500
001 0030435
005 20231009081610.9
041 0 |a slo 
044 |a SK 
245 1 0 |a [ Cenové vojny ]  |c Konštantín Čikovský, Tatiana Lichnerová, František Múčka 
520 |a Z obsahu: Za cenovými vojnami nestojí iba neschopnosť manažérov. Odkaz brand manažérom: Je čas vrátiť sa k produktu. Privátne značky sú lacnejšie, no nielen preto ich majú spotrebitelia čoraz radšej. Kto zníži cenu o pár percent, zo zisku si ukrojí v desiatkach. Silný podiel na trhu ponúka dve taktiky - vyššiu cenu alebo exkluzívne zľavy za exkluzivitu. Vojnám o ceny sa bankári vždy nevyhnú. Nie je dôležité len to, koľko tovar stojí. 
610 2 0 |a ceny 
610 2 0 |a vojny 
610 2 0 |a produkty 
610 2 0 |a znižovanie cien 
610 2 0 |a zisk 
610 2 0 |a bankovníctvo 
610 2 0 |a značky výrobkov 
610 2 0 |a spotrebitelia 
610 2 0 |a rozhodovanie 
100 1 |a Čikovský, Konštantín 
700 1 |a Lichnerová, Tatiana 
700 1 |a Múčka, František